| 000 | 00506nam a2200217Ia 4500 | ||
|---|---|---|---|
| 003 | OSt | ||
| 005 | 20250923150732.0 | ||
| 008 | 210210b2007 xxu||||| |||| 00| 0 eng d | ||
| 020 | _a978470057599 | ||
| 040 | _cAL | ||
| 041 | _aeng | ||
| 082 | _a616.994 GABB | ||
| 100 |
_aJanice Gabriel Ed _9240233 |
||
| 245 | _aBiology of cancer Ed 2 | ||
| 250 | _a2 | ||
| 260 |
_aEngland _bJohn Wiley and Sons _c2007 |
||
| 300 | _axii,204p | ||
| 690 |
_aDiseases _9240235 |
||
| 906 | _a066223 | ||
| 942 |
_2ddc _cBK |
||
| 999 |
_c146760 _d146760 |
||